Catálogo
 En Linea

Las nuevas relaciones Domínico-Haitianas / (Registro nro. 37746)

Detalles MARC
000 -CABECERA
campo de control de longitud fija 02214nam a2200325 i 4500
001 - NÚMERO DE CONTROL
campo de control 000038256
003 - IDENTIFICADOR DEL NÚMERO DE CONTROL
campo de control DO-SdBNP
005 - FECHA Y HORA DE LA ÚLTIMA TRANSACCIÓN
campo de control 20260511113815.0
007 - CAMPO FIJO DE DESCRIPCIÓN FÍSICA--INFORMACIÓN GENERAL
campo de control de longitud fija ta
008 - DATOS DE LONGITUD FIJA--INFORMACIÓN GENERAL
campo de control de longitud fija 130405s2011 dr ac 000 0 spa d
020 ## - NÚMERO INTERNACIONAL ESTÁNDAR DEL LIBRO
Número Internacional Estándar del Libro 9789945877007
040 ## - FUENTE DE LA CATALOGACIÓN
Centro catalogador/agencia de origen DO-SdBNP
Lengua de catalogación spa
Centro/agencia transcriptor BNPHU
Normas de descripción rda
082 ## - NÚMERO DE LA CLASIFICACIÓN DECIMAL DEWEY
Número de clasificación 327.729307294
Número de documento/Ítem R696n
Número de edición 22
100 1# - ENTRADA PRINCIPAL--NOMBRE DE PERSONA
Nombre de persona Rodríguez, Manuel
Término indicativo de función/relación autor
9 (RLIN) 64624
245 14 - MENCIÓN DE TÍTULO
Título Las nuevas relaciones Domínico-Haitianas /
Mención de responsabilidad, etc. Manuel Rodríguez.
264 ## - PRODUCCIÓN, PUBLICACIÓN, DISTRIBUCIÓN, FABRICACIÓN Y COPYRIGHT
Producción, publicación, distribución, fabricación y copyright Santo Domingo :
Nombre del de productor, editor, distribuidor, fabricante Centro de Información Gubernamental,
Fecha de producción, publicación, distribución, fabricación o copyright 2011.
300 ## - DESCRIPCIÓN FÍSICA
Extensión 275 páginas :
Otras características físicas ils., retrs. ;
Dimensiones 24 cm.
336 ## - TIPO DE CONTENIDO
Término de tipo de contenido rdacontent
Código de tipo de contenido texto
Fuente txt
337 ## - TIPO DE MEDIO
Nombre/término del tipo de medio rdamedia
Código del tipo de medio sin mediación
Fuente n
338 ## - TIPO DE SOPORTE
Nombre/término del tipo de soporte rdacarrier
Código del tipo de soporte volumen
Fuente nc
500 ## - NOTA GENERAL
Nota general Incluye datos biográficos del autor en la solapa de la cubierta
500 ## - NOTA GENERAL
Nota general Incluye notas al pie de las páginas
504 ## - NOTA DE BIBLIOGRAFÍA, ETC.
Nota de bibliografía, etc. Bibliografía : p. 265-275
505 ## - NOTA DE CONTENIDO CON FORMATO
Nota de contenido con formato Los primeros pobladores de Haití 15|Isla La Tortuga 22|Fundación del Estado haitiano 33|Conflicto domínico-haitiano de 1937 55|Terremoto del 12 de enero de 2010 y ayuda del gobierno dominicano 69|Entrevista a dominicana que amamantó a niños haitianos 84|Ayuda del sector privado y ONG 92|Reconocimiento al gobierno dominicano en el exterior 95|Cumbres por la reconstrucción de Haití 103|Declaración de Santo Domingo 105|Segunda cumbre en Montreal (enero de 2010) 108|Declaración Montreal 109|Tercera cumbre en Santo Domingo (marzo de 2010) 114|Declaración oficial de los copresidentes 115|Cuarta cumbre en Nueva York (marzo de 2010) 120|Declaración oficial de la cumbre de Nueva York 122|Declaración cumbre mundial sobre el futuro de Haití. Solidaridad más allá de la crisis 138|Comercio domínico-haitiano 143|Mercados binacionales 146|Características de los mercados binacionales 150|Ventajas de los mercados binacionales 153|Las nuevas relaciones domínico-haitianas 157|Apéndice 181|Galería de fotos del terremoto 225
590 ## - NOTA LOCAL (RLIN)
Nota local Inventariado, 2023 / DG
651 #7 - PUNTO DE ACCESO ADICIONAL DE MATERIA--NOMBRE GEOGRÁFICO
Nombre geográfico Haití
Subdivisión general Relaciones exteriores
Subdivisión geográfica República Dominicana
Fuente del encabezamiento o término LIBRUNAM
9 (RLIN) 2234
651 #7 - PUNTO DE ACCESO ADICIONAL DE MATERIA--NOMBRE GEOGRÁFICO
Nombre geográfico República Dominicana
Subdivisión general Relaciones exteriores
Subdivisión geográfica Haití
Fuente del encabezamiento o término LIBRUNAM
9 (RLIN) 2233
910 ## - DATOS DE OPCIÓN DEL USUARIO (OCLC)
Datos de opción del usuario DG/Validado. Control de calidad MFF
942 ## - ELEMENTOS DE PUNTO DE ACCESO ADICIONAL (KOHA)
Fuente del sistema de clasificación o colocación Dewey Decimal Classification
Tipo de ítem Koha Libro
Existencias
Estado de retiro Estado de pérdida No para préstamo Código de colección Localización permanente Ubicación/localización actual Ubicación en estantería Fecha de adquisición Número de inventario Total de préstamos Signatura topográfica completa Código de barras Fecha visto por última vez Precio válido a partir de Tipo de ítem Koha Fuente del sistema de clasificación o colocación Restricciones de uso Número de copia Fuente de adquisición Nota pública
      Patrimonio Dominicano Biblioteca Nacional Pedro Henríquez Ureña Biblioteca Nacional Pedro Henríquez Ureña En catalogación 24.01.2023     BNPHU PD 327.729307294 R696n 2023-0391 24.01.2023 24.01.2023 Libro Dewey Decimal Classification Excluido de préstamo e.2    
      Dominicana de Servicio Biblioteca Nacional Pedro Henríquez Ureña Biblioteca Nacional Pedro Henríquez Ureña En catalogación 24.01.2023     BNPHU DS 327.729307294 R696n 2023-0393 24.01.2023 24.01.2023 Libro Dewey Decimal Classification Préstamo en sala e.3    
      Dominicana de Servicio Biblioteca Nacional Pedro Henríquez Ureña Biblioteca Nacional Pedro Henríquez Ureña Depósito 02.12.2024     BNPHU DS 327.729307294 R696n 2024-6832 02.12.2024 02.12.2024 Libro Dewey Decimal Classification Préstamo en sala e.4 Donado por la Presidencia de la República Dominicana 2023 Pertenecio a la biblioteca personal de Emilio Cordero Michel
    Excluido de préstamo Patrimonio Dominicano Patrimonio Dominicano Patrimonio Dominicano En catalogación 05.04.2013 LF1   38256-10 25.06.2020 25.06.2020 Libro y Folleto Colección Patrimonio Dominicano          

Con tecnología Koha